| 000 | 01249nam a2200205 a 4500 | ||
|---|---|---|---|
| 008 | 081126s2009 ||||||||||||||||| || u | ||
| 020 | _a9780073025544 | ||
| 050 | _aQD 33.2 Bur | ||
| 100 | _aBurdge, Julia | ||
| 245 | 1 | 0 |
_aChemistry _cJulia Burdge |
| 260 |
_aNew York _bMcGraw-Hill _c2009 |
||
| 300 | _axxxv, 963p., variant pagings: ill. | ||
| 350 | _a0.00 | ||
| 650 | 0 | _aCHEMISTRY--HANDBOOKS, MANUALS, ETC | |
| 995 |
_aBINDERY (DAMAGED) _D0.00 _e738859 _FCBU-MAIN LIBRARY (Kitwe) _H1 _I0.00 _jQD 33.2 BUR _M5 _UDAMAGED _WNov 26, 2008 _y738859 _ZMain Library Open Access Collection |
||
| 995 |
_aBINDERY (DAMAGED) _D0.00 _e738856 _FCBU-MAIN LIBRARY (Kitwe) _H1 _I0.00 _jQD 33.2 BUR _M2 _UDAMAGED _WNov 26, 2008 _y738856 _ZMain Library Open Access Collection |
||
| 995 |
_aBINDERY (DAMAGED) _D0.00 _e738857 _FCBU-MAIN LIBRARY (Kitwe) _H1 _I0.00 _jQD 33.2 BUR _M3 _UDAMAGED _WNov 26, 2008 _y738857 _ZMain Library Open Access Collection |
||
| 995 |
_aMAIN LIBRARY OPEN ACCESS _D0.00 _e738858 _FCBU-MAIN LIBRARY (Kitwe) _H1 _I0.00 _jQD 33.2 BUR _M4 _UAVAILABLE _WNov 26, 2008 _y738858 _ZMain Library Open Access Collection |
||
| 995 |
_aBINDERY (DAMAGED) _D0.00 _e738855 _FCBU-MAIN LIBRARY (Kitwe) _H1 _I0.00 _jQD 33.2 BUR _M1 _UAVAILABLE _WNov 26, 2008 _y738855 _ZMain Library Open Access Collection |
||
| 999 |
_c79305 _d79305 |
||